|
|
|
|
| LEADER |
00000nab a2200000 a 4500 |
| 001 |
vtls000655046 |
| 003 |
SK-MaSNL |
| 005 |
20260304094924.0 |
| 008 |
250425c1998 xo 0 slo |
| 015 |
|
|
|a SNBRA1998/03-07595
|
| 035 |
|
|
|a CLN000007239
|
| 035 |
|
|
|a urn:nbn:sk:snk-abbrm2
|
| 035 |
|
|
|a (urnnbn)urn:nbn:sk:snk:ar-0000bh
|
| 035 |
|
|
|a (uuid)41ad6707-ef8d-42d3-a2dd-db92bd64c8c4
|
| 040 |
|
|
|a SNKBUCL
|b slo
|c SNKBUCL
|e AACR2
|
| 041 |
0 |
|
|a cze
|
| 044 |
|
|
|a xo
|c SK
|
| 080 |
|
|
|a 82.09:885.4-3
|2 1997
|
| 080 |
|
|
|a 885.4-3.09
|2 1997
|
| 100 |
1 |
|
|a Zelinský, Miroslav,
|d 1961-
|4 aut
|9 103784
|
| 245 |
1 |
0 |
|a Balla: Outsideria
|b Banská Bystrica - Levice, Drevo a srd & L.C.A. 1997
|c Zelinský
|
| 600 |
1 |
7 |
|a Balla, Vladimír
|d 1967-
|t Outsideria
|x hodnotenie
|2 snkbucl
|9 1391742
|
| 655 |
|
7 |
|a články z novín a časopisov
|2 snkbucl
|9 267496
|
| 773 |
0 |
|
|t Romboid
|g Roč. 33, č. 1 (1998), s. 44-45
|x 0231-6714
|
| 850 |
|
|
|a Slovenská národná knižnica
|
| 852 |
|
|
|a Slovenská národná knižnica
|
| 958 |
|
|
|a article15
|
| 958 |
|
|
|a OND
|
| 958 |
|
|
|a LX
|
| 958 |
|
|
|a SK
|
| 958 |
|
|
|a EUIPO
|
| 992 |
|
|
|a RBX
|
| 999 |
|
|
|c 2829700
|d 2831630
|